Statistics for Oceania map quiz

Click here to take the quiz!

General Stats

  • This quiz has been taken 17 times
  • The average score is 9 of 14

Answers on the Map

Answers color-coded by a green-red scale on the quiz's map according to % correct below.
 

Answer Stats

Answer% Correct
Australia
91%
New Zealand
91%
Papua New Guinea
91%
Fiji
73%
Marshall Islands
73%
Nauru
73%
Solomon Islands
73%
Federated States of Micronesia
64%
Kiribati
55%
Palau
55%
Tuvalu
55%
Tonga
45%
Samoa
36%
Vanuatu
36%

Score Distribution

Percentile by Number Answered

Percent of People with Each Score

Your Score History

You have not taken this quiz